000 00561nam a2200193Ia 4500
003 GCL
008 140319s9999 xx 000 0 ara d
040 _aGCL /
_cGCL
082 0 4 _a808.068
_bا ر
100 1 _aاحمد زلط
245 1 0 _aرواد ادب الطفل العربى /
_cاحمد زلط
260 _a[S.N] :
_bدار الارقم ،
_c1993
300 _a271 ص ؛
_c22 سم
490 _a
650 0 4 _aادب الاطفال
650 0 4 _aكتب الاطفال
650 0 4 _aادب الاطفال - تاريخ ونقد
942 _2ddc
_cBK
999 _c38727
_d38727